<?xml version="1.0" encoding="UTF-8"?>
<collection xmlns="http://www.loc.gov/MARC21/slim">
<record>
  <controlfield tag="001">169534</controlfield>
  <controlfield tag="005">20260304131015.0</controlfield>
  <datafield tag="037" ind1=" " ind2=" ">
    <subfield code="a">TAZ-TFM-2025-1683</subfield>
  </datafield>
  <datafield tag="041" ind1=" " ind2=" ">
    <subfield code="a">spa</subfield>
  </datafield>
  <datafield tag="100" ind1="1" ind2=" ">
    <subfield code="a">Millán Aured, Sofía</subfield>
  </datafield>
  <datafield tag="242" ind1="0" ind2="0">
    <subfield code="a">Impact of Intraoperative Radiotheraphy (IORT) vs. External Beam Radiotherapy (EBRT) on quality of life in breast cancer patients aged 65 and older: A Systematic Review</subfield>
  </datafield>
  <datafield tag="245" ind1="0" ind2="0">
    <subfield code="a">Impacto de la radioterapia intraoperatoria (RIO) vs. radioterapia externa (RE) en la calidad de vida de las pacientes con 65 años o más con diagnóstico de cáncer de mama: una revisión sistemática</subfield>
  </datafield>
  <datafield tag="260" ind1=" " ind2=" ">
    <subfield code="a">Zaragoza</subfield>
    <subfield code="b">Universidad de Zaragoza</subfield>
    <subfield code="c">2025</subfield>
  </datafield>
  <datafield tag="506" ind1=" " ind2=" ">
    <subfield code="a">by-nc-sa</subfield>
    <subfield code="b">Creative Commons</subfield>
    <subfield code="c">3.0</subfield>
    <subfield code="u">http://creativecommons.org/licenses/by-nc-sa/3.0/</subfield>
  </datafield>
  <datafield tag="520" ind1=" " ind2=" ">
    <subfield code="a">Introducción: El cáncer de mama tiene una mayor incidencia entre los 50 y 60 años. Gracias a los programas de cribado es posible detectarlo en fases tempranas, facilitando así un tratamiento conservador y menos invasivo.&lt;br />Frente a la Radioterapia Externa, la Radioterapia Intraoperatoria, aplicada directamente sobre el lecho tumoral durante la cirugía, reduce el daño en los tejidos sanos y mejora los resultados estéticos y la calidad de vida de las pacientes. Suele ir asociada a un menor impacto físico, psicológico y social.&lt;br />Objetivo: Analizar el impacto de la Radioterapia Intraoperatoria frente a la Radioterapia Externa en la calidad de vida de las mujeres con 65 o más años con diagnóstico de cáncer de mama tras tratamiento quirúrgico mediante una revisión de la literatura actual.&lt;br />Método: Revisión sistemática llevada a cabo bajo criterios PRISMA 2020, con las bases de datos PubMed, Scopus y Web of Science (2010-2025), incluyendo ensayos clínicos y estudios observacionales en los que se utilizasen las escalas validadas de calidad de vida EORTC QLQ-C30, EORTC QLQ-BR23 y FACT-B.&lt;br />Resultados: Se seleccionaron un total de seis artículos, en todos ellos la Radioterapia Intraoperatoria se asocia a menos dolor, menos síntomas mamarios, menor afectación en la movilidad del brazo y mejor autoimagen en los primeros meses post tratamiento, no obstante, con el paso del tiempo, las diferencias con la RE desaparecen y estos valores se igualan.&lt;br />Conclusión: La Radioterapia Intraoperatoria aporta mejores resultados en cuanto a calidad de vida a corto plazo frente al tratamiento con Radioterapia Externa. No obstante, la evidencia que existe en la población diana (65 o más años) es muy limitada, por lo que se requiere mayor investigación con estudios enfocados en este grupo de edad.&lt;br />&lt;br /></subfield>
  </datafield>
  <datafield tag="521" ind1=" " ind2=" ">
    <subfield code="a">Máster Universitario en Gerontología Social</subfield>
  </datafield>
  <datafield tag="540" ind1=" " ind2=" ">
    <subfield code="a">Derechos regulados por licencia Creative Commons</subfield>
  </datafield>
  <datafield tag="856" ind1="0" ind2=" ">
    <subfield code="f">718087@unizar.es</subfield>
  </datafield>
  <datafield tag="856" ind1="4" ind2=" ">
    <subfield code="s">364378</subfield>
    <subfield code="u">http://zaguan.unizar.es/record/169534/files/TAZ-TFM-2025-1683.pdf</subfield>
    <subfield code="y">Memoria (spa)</subfield>
  </datafield>
  <datafield tag="909" ind1="C" ind2="O">
    <subfield code="o">oai:zaguan.unizar.es:169534</subfield>
    <subfield code="p">driver</subfield>
    <subfield code="p">trabajos-fin-master</subfield>
  </datafield>
  <datafield tag="950" ind1=" " ind2=" ">
    <subfield code="a"></subfield>
  </datafield>
  <datafield tag="691" ind1=" " ind2=" ">
    <subfield code="a">3</subfield>
  </datafield>
  <datafield tag="692" ind1=" " ind2=" ">
    <subfield code="a">Investigación sobre la calidad de vida en personas mayores con cáncer de mama en función del tipo de tratamiento recibido.</subfield>
  </datafield>
  <datafield tag="700" ind1=" " ind2=" ">
    <subfield code="a">Gascón Catalán, Ana</subfield>
    <subfield code="e">dir.</subfield>
  </datafield>
  <datafield tag="710" ind1="2" ind2=" ">
    <subfield code="a">Universidad de Zaragoza</subfield>
    <subfield code="b">Fisiatría y Enfermería</subfield>
    <subfield code="c">Enfermería</subfield>
  </datafield>
  <datafield tag="980" ind1=" " ind2=" ">
    <subfield code="a">TAZ</subfield>
    <subfield code="b">TFM</subfield>
    <subfield code="c">EUCS</subfield>
  </datafield>
  <datafield tag="999" ind1=" " ind2=" ">
    <subfield code="a">20251127115920.CREATION_DATE</subfield>
  </datafield>
  <datafield tag="951" ind1=" " ind2=" ">
    <subfield code="a">deposita:2026-03-04</subfield>
  </datafield>
</record>
</collection>